Kulturális turizmus jelentősége a Kárpát-medencében a Határtalanul program példáján

Bibliográfiai részletek
Szerző: Burgermeister Lívia
További közreműködők: Schultz Dr. Éva
Dokumentumtípus: Projektmunka
Kulcsszavak:ifjúsági programok
kulturális turizmus
programcsomag(ok)
utazási irodák
utazásszervezés
Online Access:http://dolgozattar.uni-bge.hu/60063

MARC

LEADER 00000nnm a2200000 i 4500
001 dolg60063
005 20260409145933.0
008 260409suuuu hu o 000 hun d
040 |a BGE Dolgozattár Repozitórium  |b hun 
041 |a hu 
100 1 |a Burgermeister Lívia 
245 1 0 |a Kulturális turizmus jelentősége a Kárpát-medencében a Határtalanul program példáján  |c Burgermeister Lívia  |h [elektronikus dokumentum] 
516 |a Project_work 
520 3 |a A projektmunka címe: Kulturális turizmus jelentősége a Kárpát-medencében a Határtalanul program példájánA dolgozat célja, hogy bemutassa a kulturális turizmus jelentőségét a Kárpát-medencében, különös tekintettel a Kárpáteurópa Utazási Iroda tevékenységére és a Határtalanul program szerepére. A projekt rávilágít arra, hogyan segíti a kulturális turizmus a helyi közösségek fejlődését, identitásuk megőrzését, valamint a nemzeti összetartozás érzésének erősítését a határon túli magyarokkal való kapcsolatban. Kutatási kérdések: K-1: Milyen igények mentén szerveződnek a kulturális turizmus programjai a Kárpát-medencében? K-2: Mely kulturális attrakciók és helyszínek a legnépszerűbbek a turisták körében? K-3: Hogyan járul hozzá a kulturális turizmus a helyi közösségek fejlődéséhez? K-4: Milyen szerepet tölt be a Kárpáteurópa Utazási Iroda a kulturális turizmus népszerűsítésében és fejlesztésében? A célom az volt, hogy átfogó képet kapjak a kulturális turizmus helyzetéről és lehetőségeiről a Kárpát-medencében, valamint gyakorlati példákon (utazási programok, Határtalanul projekt) keresztül mutassam be, hogyan valósul meg a kulturális örökség közvetítése a turizmusban. 
695 |a ifjúsági programok 
695 |a kulturális turizmus 
695 |a programcsomag(ok) 
695 |a utazási irodák 
695 |a utazásszervezés 
700 1 |a Schultz Dr. Éva  |e ths 
856 4 0 |u http://dolgozattar.uni-bge.hu/60063/1/Burgermeister%20L%C3%ADvia_Projektmunka.pdf  |z Dokumentum-elérés 
856 4 0 |u http://dolgozattar.uni-bge.hu/60063/2/Burgermeister%20L%C3%ADvia_FOSZK_b%C3%ADr%C3%A1lat_Schultz%20%C3%89va.pdf  |z Dokumentum-elérés